000 00811nam a22002417a 4500
001 7935
003 FISKH
005 20250814103000.0
008 250814b cb ||||| |||| 00| 0 eng d
020 _a9780153021077
040 _aFISKH
_beng
_cFISKH
_dFISKH
050 _aPE1155 .M3
082 _a 421.1
100 _aMacDonald, Suse
245 _aAlphabatics /
_cSuse MacDonald
260 _aOrlando :
_bHarcourt Brace & Company,
_c1986.
300 _a56 unnumbered pages :
_bcolor illustrations ;
_c24 x 29 cm
505 _aNP
520 _ahe letters of the alphabet are transformed and incorporated into twenty-six illustrations, so that the hole in "b" becomes a balloon and "y" turns into the head of a yak.
650 _aAlphabet book
_vABC
_xPicture book
942 _2ddc
_cBK
_n0
999 _c7935
_d7935